Normal view MARC view

Entry Personal Name

Number of records used in: 1

001 - CONTROL NUMBER

  • control field: 15576

003 - CONTROL NUMBER IDENTIFIER

  • control field: OSt

005 - DATE AND TIME OF LATEST TRANSACTION

  • control field: 20220119121156.0

008 - FIXED-LENGTH DATA ELEMENTS

  • fixed length control field: 220119|| aca||aabn | a|a d

040 ## - CATALOGING SOURCE

  • Original cataloging agency: OSt
  • Transcribing agency: OSt

100 ## - HEADING--PERSONAL NAME

  • Personal name: Hand,J.David;

670 ## - SOURCE DATA FOUND

  • Source citation: Work cat.: (OSt): Hand,J.David; , Measurement theory and Practice:, 2004.